Classement 2024 des écoles d'ingénieurs - Statistiques

Statistiques générales
  • Ce quiz a été pris 323 fois
  • Le résultat moyen est 9 sur 31
Statistiques - réponses
Rang Nom de l'école % Correct
1 Polytechnique
97%
6 CentraleSupélec
73%
9 Centrale Lyon
55%
13 INSA Lyon
51%
4 Centrale Nantes
47%
21 Centrale Lille
45%
16 ISAE-SUPAERO
43%
6 Télécom Paris
42%
2 ENSTA Paris
36%
4 IMT Atlantique
33%
26 INSA Toulouse
30%
8 Mines Nancy
30%
10 Mines Saint-Etienne
29%
12 ENSAE
26%
3 Mines ParisTech
26%
21 ENSTA Bretagne
25%
18 Phelma
24%
18 ESILV
22%
14 Ensimag
21%
27 Centrale Méditerranée
20%
11 Ponts ParisTech
20%
30 ESPCI
16%
27 IMT Nord Europe
15%
14 Mines Alès
14%
30 Ense3
12%
17 ENSEEIHT
11%
18 ESIEE Paris
11%
27 ENSEIRB - MATMECA
4%
24 Grenoble INP - Génie industriel
4%
18 ENSCM
3%
24 ECPM
2%
Aucun quiz correspondant
Distribution des résultats
% des personnes avec chaque résultat
Percentile par nombre de réponses
Votre historique - résultats
Vous n’avez pas pris ce quiz